| 000 | 00781nam a2200217 a 4500 | ||
|---|---|---|---|
| 001 | 000048975 | ||
| 005 | 20201002061545.0 | ||
| 008 | 190510s2017 dr a r 000 0 spa d | ||
| 020 | _a9789945452945 | ||
| 040 |
_aDO-SdBNP _bspa _cBNPHU |
||
| 082 |
_axxxx _bE56h |
||
| 100 | 1 |
_aEncarnación Castillo, Ángel _976402 |
|
| 245 | 1 | 0 |
_aHIAW : _bradio guarachita / _cÁngel Encarnación Castillo ; corrección Luis Reyes, Ivan Payano. |
| 260 |
_aSanto Domingo : _bEl nuevo diario, _c2017. |
||
| 300 |
_a84 p. : _bil. ; _c23 cm. |
||
| 500 | _aHomenaje póstumo y designación calle Radhamés Aracena | ||
| 500 | _aIncluye datos biográficos del autor en las solapas | ||
| 590 | _aInventariado, 2019/BT | ||
| 700 | 1 |
_aReyes, Luís, _ecorr. _976403 |
|
| 700 | 1 |
_aPayano, Ivan, _ecorr. _976404 |
|
| 999 |
_c48463 _d48463 |
||